000 00540nam a2200181Ia 4500
008 100917s9999 xx 000 0 und d
082 _b34546
100 _aकानेटकर वसंत
245 _aएक रूप अनेक रंग
260 _bपॅाप्युलर प्रकाशन
_c1978
300 _a85
365 _b10
520 _aनाटक
630 _aएक रूप अनेक रंग
650 _aनाटक
730 _aएक रूप अनेक रंग
942 _cBOOK
999 _c639940
_d639937